000 00321nam a22001337a 4500
008 171031b xxu||||| |||| 00| 0 eng d
020 _a9780965573115
041 _aeng
080 _a33
100 _a59
101 _aBUS
245 _aHOW TO RUN YOUR BUSINESS SO YOU CAN LEAVE IT IN STYLE
_cBROWN,J.H
942 _2udc
_cBK
999 _c36914
_d36914